Responses for show #719 - Thursday, October 22, 1987

Contestants

Laura Glendinning, a writer originally from Houston, Texas

Brian Nelson, a teaching assistant originally from Maryland

Beth Phillips, a photographer from Santa Fe, New Mexico (whose 1-day cash winnings total $3,000)

Jeopardy! Round responses

"B" IN SHAKESPEARE
CREDIT CARDS
SPORTSCASTERS
PRESIDENTIAL RELATIVES
DOGS
ANAGRAMS
    $100 1
bard

Brian
    $100 4
American Express Card

Beth
    $100 26
tennis

Beth
    $100 5
Jefferson Davis

Beth
    $100 8
greyhound

Laura
    $100 18
gum (from mug)

Brian
    $200 2
blood

Beth
    $200 9
Diner's Club

Beth
    $200 6
Abraham Lincoln

Triple Stumper
    $200 12
lion

Beth
    $200 19
file (from life)

Brian
    $300 3
Bottom

Laura
    $300 10
(Laura: What is the Discovery Card?)

Discover Card

BrianLaura
    $300 7
Napoleon

Beth
    $300 13
Scottish terrier

Beth
    $300 20
Oprah (from Harpo)

Laura
    $400 11
(Beth: Who is Julius Caesar?)

Brutus

BethLaura
    $400 23
(Beth: What is BankAmericard?)

Master Charge

Beth
Triple Stumper
    $400 16
Patricia

Triple Stumper
    $400 14
Labrador

Brian
    $400 21
nuts (from stun)

Brian
    $500 15
Beatrice

Brian
    $500 24
BankAmericard

Laura
    $500 17
Alice

Brian
    $500 25
Afghans

Triple Stumper
    $800 22
(Alex: We've got less than a minute to go.)

Alec Guinness (from genuine class)

Brian

Scores at the first commercial break (after clue 11):

Beth Brian Laura
$500 $400 $500

Scores at the end of the Jeopardy! Round:

Beth Brian Laura
$700 $1,700 $1,300

Double Jeopardy! Round responses

WORLD GEOGRAPHY
18th C. AMERICA
FAMOUS QUOTES
SINGERS & DANCERS
WEATHER
VAN GOGH
    $200 14
(Beth: What is Asia?)
(Alex: No, sorry.)
(Brian: What is South America?)
(Alex: Noooo.)
[Beth rang in again.]
(Alex: Beth, you can't ring in again. Sorry about that. There's a rule on that. You're allowed one mistake per clue.)
[Laughter]

Australia

BethBrianLaura
    $200 16
...
(Alex: We called him Slim.)
[Laughter]

Lafayette (Marie-Joseph Paul Yves Roch Gilbert du Motier, Marquis de Lafayette)

Brian
    $200 9
strange

Beth
    $200 2
B.B. King

Beth
    $200 1
clouds

Brian
    $200 7
Starry, starry night

Laura
    $400 17
Paul Revere

Beth
    $400 11
they will be doomed (condemned) to repeat it

Brian
    $400 3
Mikhail Baryshnikov

Beth
    $400 6
rained

Laura
    $400 8
(Laura: Who are his parents?)

brother Theo

Laura
Triple Stumper
    $600 18
Patrick Henry

Brian
    $600 12
(Brian: What is you're a high flying flag?)

should auld acquaintance be forgot

Brian
    $600 4
Johnny Mathis

Brian
    $600 10
visibility

Laura
    $600 15
potato

Triple Stumper
    $800 19
(Beth: Who is George Washington?)
...
(Alex: We've got a minute to go in the round.)

John Adams

BethLaura
    $800 13
(Brian: What are businessmen?)

General Motors

BethBrian
    $800 5
Arthur Murray

Beth
    $800 22
(Brian: What is the Interior?)

Department of Commerce

Brian
Triple Stumper
    $800 23
Arles

Laura
    $1000 20
the dollar

Laura
    $1000 21
(Brian: Who is Alvin Ailey?)

Robert Joffrey

Brian
Triple Stumper

Scores at the end of the Double Jeopardy! Round:

Beth Brian Laura
$2,500 $300 $4,900

[wagering suggestions for these scores]

Final Jeopardy! Round responses

WORD ORIGINS
BrianWhat is mint?
$1
BethWhat is a hallmark?
$2,000
LauraWhat is a karat?
$2,000
hallmark

Final scores:

Beth Brian Laura
$4,500 $299 $2,900
2-day champion: $7,500 3rd place: Speed Queen washer & dryer + Jeopardy computerized version or box game 2nd place: trip on Eastern to Grand Bahamas and stay at Bahamas Princess Resort & Casino + Jeopardy computerized version or box game

Game dynamics:

Coryat scores:

Beth Brian Laura
$2,500 $1,700 $4,900
14 R,
4 W
13 R,
6 W
(including 2 DDs)
12 R,
2 W

Combined Coryat: $9,100

The J! Archive is created by fans, for fans. The Jeopardy! game show and all elements thereof, including but not limited to copyright and trademark thereto, are the property of Jeopardy Productions, Inc. and are protected under law. This website is not affiliated with, sponsored by, or operated by Jeopardy Productions, Inc. Join the discussion at JBoard.tv.